| 000 | 00884nam a2200265Ia 4500 | ||
|---|---|---|---|
| 003 | OSt | ||
| 005 | 20221005084223.0 | ||
| 006 | a|||||r|||| 00| 0 | ||
| 007 | ta | ||
| 008 | 221004b |||||||| |||| 00| 0 eng d | ||
| 020 |
_a9780691134666 (pbk) _c909.73 |
||
| 024 | _a89105 | ||
| 037 |
_b274, 30/01/2008, Bhartiya Sahitya Bhawan _cTextual |
||
| 040 |
_aCRL _cCRL _beng |
||
| 041 |
_2eng _aeng |
||
| 082 | _aV1:19(Q).P1, P8 | ||
| 100 |
_aElizabeth Shakman Hurd _9613145 |
||
| 245 | 0 | _aPoltics of secularism in international relations | |
| 260 |
_aNew Jersey _bPriceton University Press USA _c2008 |
||
| 300 |
_axiii,247p. _ccm. |
||
| 490 | _aPrinceton studies in international history and politics | ||
| 650 | _aHISTORY | ||
| 942 |
_hV1:19(Q).P1, P8 _cTEXL _2cc |
||
| 999 |
_c992212 _d992212 |
||